Vista normal
Vista MARC
Entrada Personal Name
Número de registros utilizados en: 1
001 - CONTROL NUMBER
- control field: 17337
003 - CONTROL NUMBER IDENTIFIER
- control field: OSt
005 - DATE AND TIME OF LATEST TRANSACTION
- control field: 20210310221240.0
008 - FIXED-LENGTH DATA ELEMENTS
- fixed length control field: 210310|| aca||aabn | a|a d
040 ## - CATALOGING SOURCE
- Original cataloging agency: OSt
- Transcribing agency: OSt
100 ## - HEADING--PERSONAL NAME
- Personal name: Wendy Carlin, Jean-Bernard Chatelain, Giancarlo Corsetti, Giovanni Dosi, Robert J. Gordon, Paul de Grauwe, Xavier Ragot, Xavier Timbeau, Volker Wieland
670 ## - SOURCE DATA FOUND
- Source citation: Work cat.: (OSt): Wendy Carlin, Jean-Bernard Chatelain, Giancarlo Corsetti, Giovanni Dosi, Robert J. Gordon, Paul de Grauwe, Xavier Ragot, Xavier Timbeau, Volker Wieland, Whats Right With Macroeconomics , 2012